Vzťah medzi výskumom a vývojom a produktivitou regiónov Slovenska

Analýza vzťahov medzi rozdielnymi zložkami výskumu a vývoja a produktivitou jednotlivých regiónov Slovenska. Model Cobbovej-Douglesovej produkčnej funkcie, ktorý umožňuje rozlíšenie vplyvu kapitálových výdavkov na vedu a výskum od všeobecného vedecko-technického pokroku, ako aj skúmanie vplyvu uvede...

Description complète

Enregistré dans:
Détails bibliographiques
Auteur principal: Ostrihoň, Filip
Format: Chapitre de livre
Langue:slovaque
Sujets:
Tags: Ajouter un tag
Pas de tags, Soyez le premier à ajouter un tag!

MARC

LEADER 00000nla a2200000 4500
001 0203921
005 20240502073415.9
041 0 |a slo 
044 |a SK 
245 1 0 |a Vzťah medzi výskumom a vývojom a produktivitou regiónov Slovenska  |c Filip Ostrihoň 
520 |a Analýza vzťahov medzi rozdielnymi zložkami výskumu a vývoja a produktivitou jednotlivých regiónov Slovenska. Model Cobbovej-Douglesovej produkčnej funkcie, ktorý umožňuje rozlíšenie vplyvu kapitálových výdavkov na vedu a výskum od všeobecného vedecko-technického pokroku, ako aj skúmanie vplyvu uvedených dvoch zložiek na elasticitu celkovej produkcie voči vstupom práce a kapitálu. 
610 2 0 |a modelovanie ekonometrické 
610 2 0 |a modely analytické ekonometrické 
610 2 0 |a funkcie produkčné ekonometrické 
610 2 0 |a regióny 
610 2 0 |a Slovensko 
100 1 |a Ostrihoň, Filip